000 00448nam a2200193Ia 4500
005 20240823044756.0
008 240823s9999||||xx |||||||||||||| ||und||
020 _a0-07-049467-3
041 _aENGLISH
082 _A005.133 P3
100 _aBalagurusamy E
245 0 _aProgramming in Ansi C
250 _a2nd
260 _c2003
_bTMH New D
500 _aTRANSFERED
650 _aANSI C
_bComputer Science
942 _cBK
999 _c213405
_d213405